Du lịch Việt Nam qua những thác nước
Giới thiệu những thác nước đẹp tiêu biểu của Việt Nam - Là cẩm nang hữu ích cho những du khách ưa thích du lịch về nguồn, du lịch sinh thái, khám phá tự nhiên...
Đã lưu trong:
| 格式: | 图书 |
|---|---|
| 语言: | Undetermined |
| 出版: |
Hà Nội
Văn hóa Thông tin
2011
|
| 主题: | |
| 标签: |
添加标签
没有标签, 成为第一个标记此记录!
|
| Thư viện lưu trữ: | Trung tâm Học liệu Trường Đại học Cần Thơ |
|---|
| LEADER | 00915nam a2200217Ia 4500 | ||
|---|---|---|---|
| 001 | CTU_176051 | ||
| 008 | 210402s9999 xx 000 0 und d | ||
| 020 | |c 28000 | ||
| 082 | |a 915.9704 | ||
| 082 | |b D500 | ||
| 245 | 0 | |a Du lịch Việt Nam qua những thác nước | |
| 245 | 0 | |c Trần Đình Ba sưu tầm | |
| 260 | |a Hà Nội | ||
| 260 | |b Văn hóa Thông tin | ||
| 260 | |c 2011 | ||
| 520 | |a Giới thiệu những thác nước đẹp tiêu biểu của Việt Nam - Là cẩm nang hữu ích cho những du khách ưa thích du lịch về nguồn, du lịch sinh thái, khám phá tự nhiên... | ||
| 650 | |a Travelling,Vietnam,Du lịch,Việt Nam | ||
| 650 | |x Description and travel,Mô tả và du hành | ||
| 650 | |z Vietnam,Việt Nam | ||
| 904 | |i Trọng Hiếu | ||
| 980 | |a Trung tâm Học liệu Trường Đại học Cần Thơ | ||